| 000 | 01004nam a2200265Ia 4500 | ||
|---|---|---|---|
| 003 | OSt | ||
| 005 | 20200709125708.0 | ||
| 008 | 191128s1985 ck ado gr 000 0 spa d | ||
| 040 |
_aCO-JMCR _cCO-JMCR |
||
| 041 | 0 | _aspa | |
| 082 | 0 | 4 |
_a330.986 / _bB213e _223 |
| 082 | _b | ||
| 110 | 1 |
_aColombia. Banco de la República _94817 |
|
| 245 | 1 | 0 |
_aColombia : _beconomic structure / _cBanco de la República |
| 260 |
_aBogotá : _bBanco de la República, _c1985. |
||
| 300 |
_a105 páginas : _bfotografías a color, 1 mapa ; _c19 cm. |
||
| 505 | 0 | _aGeneral description of the country -- Production: structure and tendencies -- Financial system -- Public sector -- External sector | |
| 546 | _aTexto en inglés | ||
| 650 | 1 | 4 |
_aEstructura económica _zColombia _96905 |
| 650 | 2 | 4 |
_aIndicadores económicos _zColombia _96906 |
| 650 | 2 | 4 |
_aIndicadores sociales _zColombia _96907 |
| 650 | 2 | 4 |
_aCondiciones económicas _zColombia _96839 |
| 650 | 2 | 4 |
_aPolítica económica _zColombia _96845 |
| 942 |
_2ddc _cBK |
||
| 999 |
_c5558 _d5558 |
||